Ekonomická analýza podniku Praktikum

Gespeichert in:
Bibliographische Detailangaben
1. Verfasser: Kalafutová, Ľudmila
Körperschaft: Ekonomická univerzita v Bratislave. Národohospodárska fakulta
Format: Buch
Sprache:Slowakisch
Veröffentlicht: Bratislava EU 1992
Ausgabe:1. vyd.
Schlagworte:
Tags: Tag hinzufügen
Keine Tags, Fügen Sie das erste Tag hinzu!

MARC

LEADER 00000nam a2200000 4500
001 c001172
005 20221214085520.5
020 |a 80-225-0389-4 
041 0 |a slo 
044 |a SK 
245 1 0 |a Ekonomická analýza podniku  |b Praktikum  |c Ľudmila Kalafutová 
250 |a 1. vyd. 
264 1 |a Bratislava  |b EU  |c 1992 
300 |a 78 s. 
610 2 0 |a rozbory činnosti hospodárskej 
610 2 0 |a podnik 
610 2 0 |a výroba 
610 2 0 |a zisk 
610 2 0 |a náklady 
610 2 0 |a faktory výrobné 
100 1 |a Kalafutová, Ľudmila 
710 2 |a Ekonomická univerzita v Bratislave. Národohospodárska fakulta